000
00224nam a22001097a 4500
100
_a
Exupery, Antoine de Saiw
245
_a
The Little Prince
250
_a
2014
260
_b
Heritage Pub.
300
_a
32
942
_2
ddc
_c
BK
999
_c
11509
_d
11509